| 000 | 00560nam a2200181 i 4500 | ||
|---|---|---|---|
| 001 | 152905 | ||
| 003 | ES-MaACL | ||
| 005 | 20230906204924.0 | ||
| 008 | 051019s1886 xxuac |||| |deng d | ||
| 040 |
_aCAM _bspa _cCAM |
||
| 080 | _a343.97(73) | ||
| 100 | 1 |
_aByrnes, Thomas. _933025 |
|
| 245 | 1 | 0 |
_aProfessional criminals of America / _cby Thomas Byrnes. |
| 260 |
_aNew York : _bCassell & Company, _c1886. |
||
| 300 |
_a[10], 433 p., lám. ; _c29 cm. |
||
| 650 | 4 |
_aCrimen y criminales- _zEstados Unidos. _911418 |
|
| 852 |
_aES-MaACL _jG-5792 _z- Enc. hol. |
||
| 999 |
_c152905 _d152905 |
||